000 02432nam a2200217Ia 4500
003 Ost
005 20260416102357.0
008 260416s9999||||xx |||||||||||||| ||und||
040 _cfsecg
041 _aara
082 _a1.6404
100 _aنحاسية، رتيبة
_eمؤلف
245 0 _aإعلام آلي 2 :
_bدروس و تمارين محلولة : مطبوعة علمية جامعية خاصة بطلبة السنة الثانية ليسانس جميع الشعب /
_c رتيبة نحاسية
260 _aالجزائر
_bجامعة الجزائر3: كلية العلوم الإقتصادية، العلوم التجارية وعلوم التسيير
_c2021
300 _a114 ورقة
_bايضاحات
_c30 سم
504 _aمراجع ص.113
520 _a مدخل الى الخوارزميات ، التعليمات الأولية ، الهياكل الشرطية للخوارزميات ، ةالهياكل التكرارية للخوارزميات مع وجود تمارين و حلول التمارين.
653 _aاعلام آلي
710 _aجامعة الجزائر3: كلية العلوم الإقتصادية، العلوم التجارية وعلوم التسيير
_eناشر علمي
942 _cHANDOUT
999 _c41267
_d41267